<?xml version="1.0" encoding="UTF-8"?><?xml-stylesheet type="text/xsl" href="static/style.xsl"?><OAI-PMH xmlns="http://www.openarchives.org/OAI/2.0/" xmlns:xsi="http://www.w3.org/2001/XMLSchema-instance" xsi:schemaLocation="http://www.openarchives.org/OAI/2.0/ http://www.openarchives.org/OAI/2.0/OAI-PMH.xsd"><responseDate>2026-06-07T21:22:14Z</responseDate><request verb="GetRecord" identifier="oai:docta.ucm.es:20.500.14352/118043" metadataPrefix="marc">https://docta.ucm.es/rest/oai/request</request><GetRecord><record><header><identifier>oai:docta.ucm.es:20.500.14352/118043</identifier><datestamp>2025-03-18T12:50:41Z</datestamp><setSpec>com_20.500.14352_14</setSpec><setSpec>col_20.500.14352_15</setSpec></header><metadata><record xmlns="http://www.loc.gov/MARC21/slim" xmlns:dcterms="http://purl.org/dc/terms/" xmlns:xsi="http://www.w3.org/2001/XMLSchema-instance" xmlns:doc="http://www.lyncode.com/xoai" xsi:schemaLocation="http://www.loc.gov/MARC21/slim http://www.loc.gov/standards/marcxml/schema/MARC21slim.xsd">
   <leader>00925njm 22002777a 4500</leader>
   <datafield ind2=" " ind1=" " tag="042">
      <subfield code="a">dc</subfield>
   </datafield>
   <datafield ind2=" " ind1=" " tag="720">
      <subfield code="a">Diéguez Pérez, Montserrat</subfield>
      <subfield code="e">author</subfield>
   </datafield>
   <datafield ind2=" " ind1=" " tag="720">
      <subfield code="a">Nova García, Manuel Joaquín De</subfield>
      <subfield code="e">author</subfield>
   </datafield>
   <datafield ind2=" " ind1=" " tag="720">
      <subfield code="a">Mourelle Martínez, Rosa</subfield>
      <subfield code="e">author</subfield>
   </datafield>
   <datafield ind2=" " ind1=" " tag="720">
      <subfield code="a">Feijoo García, Gonzalo</subfield>
      <subfield code="e">author</subfield>
   </datafield>
   <datafield ind2=" " ind1=" " tag="260">
      <subfield code="c">2016-06</subfield>
   </datafield>
   <datafield ind2=" " ind1=" " tag="520">
      <subfield code="a">Aim: To assess the degree of jawbone asymmetry by drawing vertical lines on digital panoramic radiographs of paediatric patients with right or left unilateral cross-bite.

Study design: The sample consisted of 217 paediatric patients of both genders, aged 6-9 years. A set of vertical lines was drawn on the side of the mandible with the cross-bite and on the side without the cross-bite, using software program tpsDigs version 2. Subsequently, the differences in the measurements of the two sides were determined through statistical analysis.

Results: Analysis of the vertical jaw lines on the radiographic bite indices indicated, in every case, quantifiable differences between the side with the cross-bite and the side without the cross-bite. The differences between vertical variables, related to the heights of the mandible body and the condyle, were statistically significant (p>0.005) for the whole sample and both genders. Statistically significant differences in the heights of the mandible body were found for all the age groups (6 to 9 years old), except for the 9-year-old group, which registered differences in the variables of condylar height.

Conclusion: Throughout the sample and regardless of the side affected by cross-bite, the vertical variables corresponding to the total height of the ramus were always smaller on the side with the cross-bite. Gender did not affect the results obtained and age influenced some of the mandible's vertical heights.</subfield>
   </datafield>
   <datafield ind1="8" ind2=" " tag="024">
      <subfield code="a">Diéguez Pérez M, De Nova García J, Mourelle Martínez MR, Feijoo García G. Indicators of jawbone asymmetry through analysis of panoramic radiographs. Eur J Paediatr Dent. 2016 Jun;17(2):136-40</subfield>
   </datafield>
   <datafield ind1="8" ind2=" " tag="024">
      <subfield code="a">1591-996X</subfield>
   </datafield>
   <datafield ind1="8" ind2=" " tag="024">
      <subfield code="a">https://hdl.handle.net/20.500.14352/118043</subfield>
   </datafield>
   <datafield ind1="8" ind2=" " tag="024">
      <subfield code="a">2035-648X</subfield>
   </datafield>
   <datafield ind1="8" ind2=" " tag="024">
      <subfield code="a">27377112</subfield>
   </datafield>
   <datafield ind1="8" ind2=" " tag="024">
      <subfield code="a">https://www.ejpd.eu/abstract-pubmed/indicators-of-jawbone-asymmetry-through-analysis-of-panoramic-radiographs/</subfield>
   </datafield>
   <datafield ind1="8" ind2=" " tag="024">
      <subfield code="a">https://pubmed.ncbi.nlm.nih.gov/27377112/</subfield>
   </datafield>
   <datafield ind2="0" ind1="0" tag="245">
      <subfield code="a">Indicators of jawbone asymmetry through analysis of panoramic radiographs</subfield>
   </datafield>
</record></metadata></record></GetRecord></OAI-PMH>